Zákonník práce : Komentár

Salvato in:
Dettagli Bibliografici
Autore principale: Barancová, Helena (Autore)
Natura: Libro
Lingua:slovacco
Pubblicazione: Bratislava : Sprint, 2001
Tags: Aggiungi Tag
Nessun Tag, puoi essere il primo ad aggiungerne!!

MARC

LEADER 00000nam a22000003a 4500
001 stu61360
005 20150617225651.2
008 011001s2001----xo------------------slo-d
020 |a 80-88848-84-9 
040 |a STU  |b slo 
041 0 |a slo 
044 |a xo 
080 |a 331.1  |7 stu_us_auth*stu8121 
080 |a 351.83  |7 stu_us_auth*stu4434 
100 1 |a Barancová, Helena  |4 aut 
245 1 |a Zákonník práce :  |b Komentár 
260 |a Bratislava :  |b Sprint,  |c 2001 
300 |a 537 s 
996 |b 284J005332  |c J*98437  |l JJSK  |s A  |a 24  |w stu61360_0001 
996 |b 284J005331  |c J*98439  |l JJST  |s P  |a 0  |w stu61360_0002